000 00870nam a2200253Ia 4500
003 OSt
005 20220930091036.0
006 a|||||r|||| 00| 0
007 ta
008 220926b |||||||| |||| 00| 0 eng d
024 _a3407
037 _cTheses
040 _aCRL
_cCRL
_beng
041 _2eng
_aeng
100 _aMondal Krishanu
_9544571
110 _aUniversity of Delhi. Faculty of Medical Science. Department of Pediatrics
245 0 _aRandomized controlled trial on safety and efficacy of single intramuscular v/s staggered oral dose of 6,00,000 IU vitamin D in treatment of nutritional rickets
260 _c2011
650 _aMEDICINE
700 _a Seth Anju Gu.
_9544572
700 _aUniversity of Delhi. Faculty of Medical Science. Department of Pediatrics
942 _cDIS
_2CC
999 _c881550
_d881550